| 000 | 01062cab a2200193 4500 | ||
|---|---|---|---|
| 001 | ##L133797 | ||
| 008 | 060612n2006 000 0 eng u | ||
| 035 | _a(Sirsi) u133797 | ||
| 041 | 0 | _aeng | |
| 100 | 1 | _aMylius, Andrew | |
| 245 | 0 | 2 | _aA design for strife? |
| 260 | _c2006 | ||
| 490 | 0 |
_aNew Civil Engineer _v(1626) 8 June 2006, 16-17(2) |
|
| 520 | _aLooks at some of the problems with design and build contracts, which have been highlighted by the difficulties over the Wembley Stadium project. Consultants argue that contractors lack the necessary skills to co-ordinate design and construction on complex projects, and are concerned that designers are becoming little more than technicians. Tensions normally occur when contractors engineer projects down, so that designers repeat work for which they are not paid. To minimise risk, contractors also often try to impose onerous contractual terms on consultants. | ||
| 590 | _aIKA200606 | ||
| 651 | 4 |
_aUnited Kingdom _y |
|
| 690 | _aMANAGEMENT-PROJECT MANAGEMENT-CONTRACT ADMINISTRATION | ||
| 942 | _n0 | ||
| 999 |
_c77213 _d77213 |
||